Statistiques concernant Les coéquipiers de Dimitri Payet à l'OM

Cliquez ici pour prendre le quiz!

Statistiques générales

  • Ce quiz a été pris 82 fois
  • Le résultat moyen est 49 sur 104

Statistiques - réponses

SaisonsNationalitéJoueurNombre de matchsPoste% Correct
2013-2015, 2017-2022FranceSteve Mandanda217G
94%
2013-2015, 2017-2021FranceFlorian Thauvin185A
91%
2017-2020FranceMaxime López92M
90%
2021-2023EspagnePau López52G
90%
2022-2023ChiliAlexis Sánchez21A
89%
2017-2021JaponHiroki Sakai132D
89%
2019-2023FranceValentin Rongier110M
87%
2022-2023FranceJordan Veretout24M
86%
2021-2023MarocAmine Harit28M
84%
2020-2023ArgentineLeonardo Balerdi63D
83%
2021-2023FranceMattéo Guendouzi62M
81%
2022-2023République Démocratique du CongoChancel Mbemba23D
80%
2013-2015FranceAndré-Pierre Gignac75A
79%
2018-2022CroatieDuje Caleta-Car105D
77%
2017-2019GrèceKonstantinos Mitroglou38A
77%
2017-2021FranceValère Germain115A
76%
2022-2023FranceJonathan Clauss23D
74%
2022-2023MarocAzzedine Ounahi3M
71%
2014-2015, 2017,2019ArgentineLucas Ocampos77A
71%
2020-2023SénégalPape Gueye71M
71%
2017-2019BrésilLuiz Gustavo80M
70%
2021-2023TurquieCengiz Ünder51A
69%
2017-2020SénégalBouna Sarr97D
67%
2017-2022FranceBoubacar Kamara134M
66%
2013-2015GhanaAndré Ayew54A
64%
2013-2014GhanaJordan Ayew12A
64%
2022-2023FranceSamuel Gigot16D
64%
2019-2021ArgentineDarío Benedetto52A
63%
2017-2019PortugalRolando62D
63%
2017-2021FranceYohann Pelé52G
63%
2017-2021FranceMorgan Sanson112M
61%
2020-2022PologneArkadiusz Milik44A
60%
2018-2021Pays-BasKevin Strootman59M
60%
2020-2022BrésilLuis Henrique36A
59%
2017-2019FranceAdil Rami65D
57%
2021-2023BrésilGerson44M
57%
2013-2014FranceMathieu Valbuena32M
56%
2014-2015BelgiqueMichy Batshuayi25A
56%
2022-2023EspagneRubén Blanco5G
56%
2017-2021FranceJordan Amavi102D
54%
2022-2023PortugalNuno Tavares24D
54%
2020-2022EspagnePol Lirola59D
54%
2021-2023Bosnie-HerzégovineSead Kolasinac32D
54%
2020-2021JaponYuto Nagatomo25D
54%
2019-2022EspagneÁlvaro González69D
53%
2022-2023PortugalVitinha4A
53%
2017-2018CamerounAndré-Frank Zambo Anguissa50M
47%
2013-2015MadagascarJérémy Morel51D
47%
2018-2019ItalieMario Balotelli3A
47%
2017BrésilMatheus Dória6D
47%
2013-2015CamerounNicolas N'Koulou67D
47%
2017-2018TunisieAymen Abdennour7D
46%
2021-2022Etats-UnisKonrad de la Fuente18A
46%
2021-2022FranceWilliam Saliba44D
46%
2013-2015GabonMario Lemina38M
44%
2018-2021SerbieNemanja Radonjic35A
44%
2020-2023SénégalBamba Dieng37A
43%
2013-2015FranceBenjamin Mendy60D
41%
2022-2023Burkina FasoIssa Kaboré11D
41%
2022-2023ColombieLuis Suárez7A
41%
2017FranceBafétimbi Gomis10A
40%
2013-2015Côte d'IvoireBrice Dja Djedje42M
40%
2017-2019CamerounClinton N'Jie43A
40%
2022-2023UkraineRuslan Malinovskyi5M
39%
2021-2022République Démocratique du CongoCédric Bakambu17A
37%
2017-2018FrancePatrice Evra12D
37%
2014-2015FranceRomain Alessandrini25A
37%
2017-2019SlovaquieTomas Hubocan4D
37%
2021-2022BrésilLuan Peres40D
36%
2013-2015TogoAlaixys Romao73M
34%
2013-2015République Démocratique du CongoGiannelli Imbula65M
34%
2013-2014ComoresKassim Abdallah13D
34%
2013-2014SénégalSouleymane Diawara24D
34%
2022-2023Côte d'IvoireEric Bailly7D
33%
2013-2015, 2017FranceRod Fanni65D
33%
2019-2021TunisieSaîf-Eddine Khaoui22M
33%
2014-2015MarocAbdelaziz Barrada5M
29%
2013-2015FranceBrice Samba4G
29%
2017FranceRémy Cabella14M
29%
2013-2014FranceBenoît Cheyrou27M
27%
2020-2021FranceMichaël Cuisance18M
27%
2017-2019FranceGrégory Sertic18M
26%
2014-2015FranceStéphane Sparagna4D
26%
2017-2018CamerounHenri Bedimo11D
24%
2022-2023FranceIsaak Touré2D
24%
2019-2021FranceLucas Perrin8D
24%
2017FranceWilliam Vainqueur15M
24%
2013-2014QatarLucas Mendes26D
21%
2013-2014TunisieSaber Khalifa19A
21%
2014-2015FranceBaptiste Aloé10D
19%
2020-2021CamerounOlivier Ntcham3M
17%
2014-2015Nouvelle-ZélandeBill Tuiloma2D
16%
2018-2019FranceFlorian Escales1G
16%
2017-2018TurquieYusuf Sarı1A
16%
2021-2022FranceSalim Ben Seghir1A
14%
2019-2021FranceMarley Aké11A
13%
2014-2015FranceBilal Boutobba3A
11%
2020-2021FranceChristopher Rocchia2D
11%
2021-2022MarocOussama Targhalline2M
11%
2014-2015AlgérieBillel Omrani4A
10%
2019-2020FranceFlorian Chabrolle1M
9%
2014-2015FranceJérémie Porsan-Clémente1A
6%
2020-2021FranceCheick Souaré1M
4%
2013-2014FranceLaurent Abergel2M
4%

Distribution des résultats

Percentile par nombre de réponses

% des personnes avec chaque résultat

Votre développement - résultats

Vous n’avez pas pris ce quiz